Closest Capital Cities: American and non-American - Statistics

General Stats
  • This quiz has been taken 56 times
  • The average score is 23 of 40
Answer Stats
Non-American Capital % Correct
Ottawa
96%
Washington
96%
Brasilia
85%
Reykjavik
78%
Reykjavik
78%
Georgetown
67%
Georgetown
67%
Kingstown
63%
Paramaribo
61%
Paramaribo
61%
Paramaribo
61%
Paramaribo
61%
Paramaribo
61%
Paramaribo
61%
Dakar
59%
Dakar
59%
Dakar
59%
Saint John's
57%
Bridgetown
54%
Bridgetown
54%
Castries
52%
Banjul
50%
Port-of-Spain
50%
Praia
50%
Praia
50%
Praia
50%
Praia
50%
Praia
50%
Praia
50%
Praia
50%
Praia
50%
Praia
50%
Praia
50%
Praia
50%
Saint George's
50%
Basseterre
48%
Roseau
48%
Nouakchott
46%
Conakry
41%
Bissau
39%
No matching quizzes found
Score Distribution
Percent of People with Each Score
Percentile by Number Answered
Your Score History
You have not taken this quiz